LEADER 01423nam a2200337 a 4500 001 000000171008 003 CaOOAMICUS 005 20181210113343.0 008 181210s2005 xxu 000 u eng r 020 $a0199251347* 032 $aLibriCat 040 $aPUL$bita 082 14$a121 100 1 $aLepore, Ernest.$0(OLS)http://pul/name/76183 245 10$aDonald Davidson : $bMeaning, truth, language, and reality / $cErnie Lepore, Kirk Ludwig . 260 $aOxford :$bClarendon Press,$cİ2005. 300 $aXVII, 446 p. ; $c24 cm. 504 $aInclude riferimenti bibliografici e indice. 600 14$aDavidson, Donald,$d1917-2003.$0(OLS)http://pul/subject/45807 650 4$aFilosofia del linguaggio.$0(OLS)http://pul/subject/8316 700 1 $aLudwig, Kirk.$0(OLS)http://pul/name/109973 850 $aPUL 852 $aPUL$W1$xDP2 Filosofia 3$y112$m121 DAVDO 3$j194445$qDDC 21$B199561$CPULBib$Z2$F199561 $H131959 $81 960 $aLinguaggio$xFilosofia$98316 960 $aLinguaggio e filosofia$98316 960 $aLinguaggio e pensiero$98316 996 $6020$a0199251347*$9(OLS)http://pul/number/165562 996 $6082$a121$9(OLS)http://pul/classification/133 996 $6245$aDonald Davidson : $bMeaning, truth, language, and reality / $9(OLS)http://pul/title/211869 996 $6260$aOxford :$bClarendon Press$9(OLS)http://pul/publisher/48412 LEADER 01325nam a2200313 a 4500 001 000000172097 003 CaOOAMICUS 005 20190619115242.0 008 190619s2011 it d 000 u ita r 020 $a978-88-430-2772-9* 032 $aLibriCat 040 $aPUL$bita 082 04$a300.1 100 1 $aMeraviglia, Cinzia.$0(OLS)http://pul/name/110463 245 10$aMetodologia delle scienze sociali :$bun'introduzione /$cCinzia Meraviglia. 260 $aRoma :$bCarocci,$c2011$g(stampa 2018) 300 $a199 p. :$bgrafici ;$c22 cm 490 1 $aStudi superiori. $aSociologia ;$v623 504 $aBibliografia p. 193-199. 650 4$aSociologia$xMetodologia.$0(OLS)http://pul/subject/16125 830 0$aStudi superiori (Carocci).$pSociologia ;$v623.$0(OLS)http://pul/title/212986 850 $aPUL 852 $aPUL$W1$xSL Diritto e Scienze Sociali 3$y79$m300. 1 MERCI 1$j196021$bstampa 2018$qDDC 21$B200787$CPULBib$Z2$F200787 $H132917 $82 941 1 $a9 996 $6020$a978-88-430-2772-9*$9(OLS)http://pul/number/166232 996 $6082$a300.1$9(OLS)http://pul/classification/2146 996 $6245$aMetodologia delle scienze sociali :$bun'introduzione$9(OLS)http://pul/title/212985 996 $6260$aRoma :$bCarocci$9(OLS)http://pul/publisher/66917